000 00333nam a2200145Ia 4500
008 150201s2007 xx 000 0 und d
082 _a616.8
_bN07T
100 _aTHRONHILL,J.T.
245 _aNMS PSYCHIATRY
250 _a1ST
260 _bWOLTER KLUWER
_aDELHI
_c2007
300 _a1-300
650 _aPSYCHIATRY
942 _2ddc
_cBK
_03
999 _c562
_d562